[Event "2BLN 1819 SV Glückauf Rüdersdorf - L�"]
[Site "?"]
[Date "2018.12.15"]
[Round "3.4"]
[White "Janaszak, Dawid"]
[Black "Svane, Frederik"]
[Result "0-1"]
[WhiteElo "2349"]
[BlackElo "2316"]
[PlyCount "90"]
[EventDate "2018.??.??"]

1. d4 Nf6 2. Nf3 e6 3. c4 b6 4. g3 Ba6 5. Qa4 Bb7 6. Bg2 c5 7. dxc5 Bxc5 8. O-O
O-O 9. Nc3 Be7 10. Rd1 Na6 11. Bf4 Nc5 12. Qc2 a6 13. Rac1 Nce4 14. Ne5 Nxc3
15. Qxc3 Qc8 16. Qb3 Bxg2 17. Kxg2 Qb7+ 18. Qf3 Qxf3+ 19. Kxf3 Rfd8 20. g4 Ra7
21. Rd3 Kf8 22. a4 Rb7 23. Rcd1 Ke8 24. h4 Rc8 25. g5 Nh5 26. Rc3 Nxf4 27. Kxf4
Rbc7 28. Rdc1 Bb4 29. R3c2 d5 30. Kf3 Bd6 31. Ng4 Rxc4 32. Rxc4 Rxc4 33. Rxc4
dxc4 34. Ke4 Ke7 35. f4 f5+ 36. gxf6+ gxf6 37. f5 h5 38. Ne3 b5 39. axb5 axb5
40. Nc2 Bc5 41. e3 Kd6 42. Kf4 e5+ 43. Kf3 b4 44. Ne1 b3 45. Ke2 c3 0-1

[Event "2BLN 1819 SV Glückauf Rüdersdorf - L�"]
[Site "?"]
[Date "2018.12.15"]
[Round "3.5"]
[White "Poghosyan, Tigran"]
[Black "Sroczynski, Maciej"]
[Result "1-0"]
[WhiteElo "2187"]
[BlackElo "2317"]
[PlyCount "65"]
[EventDate "2018.??.??"]

1. e4 c5 2. Nf3 d6 3. d4 cxd4 4. Qxd4 a6 5. c4 Nc6 6. Qe3 g6 7. Be2 Bg7 8. O-O
Nf6 9. h3 O-O 10. Rd1 Nd7 11. Nc3 Qa5 12. Nd5 e6 13. Nc3 Nde5 14. Bd2 Nxf3+ 15.
Bxf3 Qc7 16. Rac1 Ne5 17. b3 Bd7 18. Be2 Rfd8 19. Qg3 Rac8 20. Qh4 Rf8 21. Bh6
f6 22. Be3 g5 23. Qg3 Be8 24. h4 gxh4 25. Qxh4 Bg6 26. f4 Nc6 27. f5 exf5 28.
exf5 Bxf5 29. Nd5 Qf7 30. Qf4 Qg6 31. Qxd6 Rcd8 32. Qh2 Rfe8 33. Bh5 1-0

[Event "2BLN 1819 SV Glückauf Rüdersdorf - L�"]
[Site "?"]
[Date "2018.12.15"]
[Round "3.6"]
[White "Dudzinski, Piotr"]
[Black "Christ, Ralf"]
[Result "1/2-1/2"]
[WhiteElo "2329"]
[BlackElo "2268"]
[PlyCount "58"]
[EventDate "2018.??.??"]

1. e4 e5 2. Nf3 Nc6 3. Bc4 Bc5 4. c3 Nf6 5. d3 a6 6. O-O Ba7 7. Bb3 O-O 8. Nbd2
d6 9. h3 Be6 10. Re1 h6 11. Nf1 d5 12. Qe2 Re8 13. Ng3 Qd7 14. Kh2 Rad8 15. Bc2
b5 16. Nh4 d4 17. Nhf5 Kh7 18. Qf3 Bxf5 19. Nxf5 Ng8 20. Qg3 g6 21. Nxh6 Nxh6
22. Qh4 Rh8 23. Qxh6+ Kg8 24. Qg5 dxc3 25. bxc3 Bxf2 26. Bb3 Kg7 27. Rf1 Rh5
28. Rxf2 Rxg5 29. Bxg5 Rf8 {(=)} 1/2-1/2

[Event "2BLN 1819 SV Glückauf Rüdersdorf - L�"]
[Site "?"]
[Date "2018.12.15"]
[Round "3.7"]
[White "Ehrke, Michael"]
[Black "Szadkowski, Kamil"]
[Result "1-0"]
[WhiteElo "2221"]
[BlackElo "2294"]
[PlyCount "91"]
[EventDate "2018.??.??"]

1. d4 Nf6 2. Bf4 g6 3. e3 Bg7 4. h3 O-O 5. Nf3 d6 6. Be2 Nfd7 7. O-O e5 8. Bh2
Nc6 9. c4 e4 10. Nfd2 f5 11. Nc3 Nf6 12. Rc1 g5 13. a3 Ne7 14. d5 Ng6 15. c5 a6
16. cxd6 cxd6 17. Nc4 f4 18. Bh5 b5 19. Bxg6 hxg6 20. Nd2 f3 21. Ndxe4 Ne8 22.
Nd2 fxg2 23. Kxg2 Ra7 24. Qe2 Bxc3 25. Rxc3 Rh7 26. e4 g4 27. Rg1 Qh4 28. Kf1
Rhf7 29. Bg3 Qxh3+ 30. Ke1 Rc7 31. Rxc7 Nxc7 32. Bxd6 Rf7 33. Rg3 Qh1+ 34. Qf1
Qh7 35. Rc3 Bb7 36. Bg3 Ne8 37. Qd3 Nf6 38. Qd4 Qh1+ 39. Ke2 Kh7 40. Rc7 Rxc7
41. Bxc7 Nd7 42. Qa7 Bxd5 43. exd5 Qxd5 44. Qe3 Nc5 45. Qe7+ Kg8 46. Qd8+ 1-0

[Event "2BLN 1819 SV Glückauf Rüdersdorf - L�"]
[Site "?"]
[Date "2018.12.15"]
[Round "3.8"]
[White "Wlodarczyk, Oskar"]
[Black "Lampe, Dirk"]
[Result "1/2-1/2"]
[WhiteElo "2249"]
[BlackElo "2150"]
[PlyCount "27"]
[EventDate "2018.??.??"]

1. e4 c5 2. c3 Nf6 3. e5 Nd5 4. d4 cxd4 5. cxd4 d6 6. Nf3 Nc6 7. Bc4 dxe5 8.
dxe5 Nb6 9. Qxd8+ Nxd8 10. Bb5+ Nc6 11. Nc3 Bd7 12. Be3 e6 13. O-O Bb4 14. a4 {
(=)} 1/2-1/2

[Event "2BLN 1819 SF Berlin II - SK Norderstedt"]
[Site "?"]
[Date "2018.12.15"]
[Round "3.1"]
[White "Krause, Benedict"]
[Black "Lauber, Arnd"]
[Result "1-0"]
[WhiteElo "2430"]
[BlackElo "2434"]
[PlyCount "44"]
[EventDate "2018.??.??"]

1. e4 e6 2. d4 d5 3. Nc3 Nf6 4. e5 Nfd7 5. f4 c5 6. Nf3 Be7 7. Be3 b6 8. Qd2
Nc6 9. Nd1 a5 10. c3 a4 11. Bb5 Qc7 12. O-O Ba6 13. Bxa6 Rxa6 14. f5 b5 15. Bg5
Qd8 16. Qf4 h6 17. Bxe7 Qxe7 18. Qg4 Rg8 19. Ne3 a3 20. bxa3 Rxa3 21. fxe6 fxe6
22. Nxd5 h5 1-0

[Event "2BLN 1819 SF Berlin II - SK Norderstedt"]
[Site "?"]
[Date "2018.12.15"]
[Round "3.2"]
[White "Blohberger, Felix"]
[Black "Parvanyan, Ashot"]
[Result "1/2-1/2"]
[WhiteElo "2447"]
[BlackElo "2437"]
[PlyCount "70"]
[EventDate "2018.??.??"]

1. c4 Nf6 2. Nc3 g6 3. e4 d6 4. g3 Bg7 5. Bg2 O-O 6. Nge2 c5 7. O-O Nc6 8. d3
a6 9. h3 Rb8 10. f4 Ne8 11. Rb1 Bd7 12. f5 b5 13. b3 b4 14. Nd5 e6 15. Ndf4 Nd4
16. fxe6 fxe6 17. Nxd4 Bxd4+ 18. Kh2 Nc7 19. Ne2 Bg7 20. Rxf8+ Qxf8 21. Be3 e5
22. Qd2 Ne6 23. Rf1 Qe7 24. a4 Bf6 25. h4 Ng7 26. Ng1 Rf8 27. Bh6 Rf7 28. Bxg7
Bxg7 29. Rxf7 Qxf7 30. Bh3 Bxh3 31. Nxh3 Qf1 32. Qf2 Qxf2+ 33. Nxf2 Bh6 34. g4
Be3 35. Nh1 Bd2 1/2-1/2

[Event "2BLN 1819 SF Berlin II - SK Norderstedt"]
[Site "?"]
[Date "2018.12.15"]
[Round "3.3"]
[White "Ostrovskiy, Andrey"]
[Black "Abel, Dennes"]
[Result "1-0"]
[WhiteElo "2424"]
[BlackElo "2465"]
[PlyCount "63"]
[EventDate "2018.??.??"]

1. e4 c5 2. Nf3 d6 3. d4 cxd4 4. Nxd4 Nf6 5. Nc3 a6 6. Be2 e5 7. Nb3 Be6 8. f4
exf4 9. Bxf4 Nc6 10. Qd3 Qc7 11. Qg3 Bxb3 12. axb3 Nd4 13. Bd3 Rd8 14. Be3 Nc6
15. O-O Nb4 16. Bd4 Nd7 17. Bc4 f6 18. Nd5 Nxd5 19. Bxd5 Ne5 20. c4 Nc6 21. Bc3
Ne5 22. Kh1 Rd7 23. Ba5 Qb8 24. Bb6 Re7 25. b4 g6 26. b5 axb5 27. cxb5 Bg7 28.
Rfc1 Nf7 29. Qc3 O-O 30. Bc7 f5 31. Bxb8 Bxc3 32. Bxd6 1-0

[Event "2BLN 1819 SF Berlin II - SK Norderstedt"]
[Site "?"]
[Date "2018.12.15"]
[Round "3.4"]
[White "Agopov, Mikael"]
[Black "Kopylov, Michael"]
[Result "1/2-1/2"]
[WhiteElo "2450"]
[BlackElo "2422"]
[PlyCount "92"]
[EventDate "2018.??.??"]

1. e4 e6 2. d4 d5 3. Nc3 Bb4 4. e5 Ne7 5. a3 Bxc3+ 6. bxc3 b6 7. Qg4 Ng6 8. h4
h5 9. Qd1 Ba6 10. Bxa6 Nxa6 11. Bg5 Qd7 12. Ne2 c5 13. Ng3 Rc8 14. Nxh5 Rh7 15.
Ng3 cxd4 16. cxd4 Qa4 17. h5 Ne7 18. Qd3 Rh8 19. c3 Nc7 20. h6 gxh6 21. Rxh6
Rxh6 22. Bxh6 Nb5 23. Ne2 Nxa3 24. Kf1 Qb5 25. Qh3 Nb1 26. Rxa7 Nc6 27. Rxf7
Kxf7 28. Qh5+ Ke7 29. Bg5+ Kd7 30. Qf7+ Ne7 31. Bxe7 Kc6 32. Bb4 Qd3 33. Qxe6+
Kb7 34. Qxd5+ Rc6 35. f3 Nd2+ 36. Kf2 Nc4 37. Qe4 Qd1 38. Ng3 Nb2 39. Nf5 Qd2+
40. Kg1 Nd3 41. Kh2 Nf4 42. Ne3 Ne2 43. e6 Qe1 44. e7 Qg3+ 45. Kh1 Qe1+ 46. Kh2
Qg3+ 1/2-1/2

[Event "2BLN 1819 SF Berlin II - SK Norderstedt"]
[Site "?"]
[Date "2018.12.15"]
[Round "3.5"]
[White "Kahlert, Thomas"]
[Black "Polzin, Rainer"]
[Result "1/2-1/2"]
[WhiteElo "2203"]
[BlackElo "2406"]
[PlyCount "41"]
[EventDate "2018.??.??"]

1. Nf3 Nf6 2. d4 d6 3. c4 g6 4. Nc3 Bg7 5. e4 O-O 6. Be2 e5 7. dxe5 dxe5 8.
Qxd8 Rxd8 9. Nd5 Na6 10. Bg5 Rd6 11. Nxf6+ Bxf6 12. Bxf6 Rxf6 13. Nxe5 Re6 14.
f4 Nc5 15. O-O-O Rd6 16. Rxd6 cxd6 17. Nd3 Nxe4 18. Bf3 Nf6 19. Rd1 Be6 20. c5
dxc5 21. Nxc5 {(=)} 1/2-1/2

[Event "2BLN 1819 SF Berlin II - SK Norderstedt"]
[Site "?"]
[Date "2018.12.15"]
[Round "3.6"]
[White "Florstedt, Johannes"]
[Black "Hagenstein, Frank"]
[Result "1-0"]
[WhiteElo "2312"]
[BlackElo "2266"]
[PlyCount "95"]
[EventDate "2018.??.??"]

1. e4 e6 2. d4 d5 3. Nc3 Nf6 4. e5 Nfd7 5. f4 c5 6. Nf3 Nc6 7. Be3 a6 8. Qd2 b5
9. dxc5 Bxc5 10. Bd3 d4 11. Nxd4 Nxd4 12. Ne4 Qb6 13. Nxc5 Nxc5 14. Bxd4 Nxd3+
15. Qxd3 Qc6 16. O-O-O O-O 17. Rd2 b4 18. Qe3 a5 19. Bc5 Re8 20. Rd6 Qa4 21.
Kb1 Ra6 22. Rhd1 Rxd6 23. exd6 Bd7 24. Bb6 Qb5 25. g4 e5 26. f5 a4 27. h3 b3
28. cxb3 axb3 29. Qxb3 Qa6 30. Bc7 e4 31. Qe3 Qa4 32. b3 Qb5 33. a4 Qe5 34. Rc1
h5 35. Rc5 Qh2 36. gxh5 Qh1+ 37. Kb2 Qf3 38. Qxf3 exf3 39. Rc3 Re2+ 40. Ka3 f2
41. Rf3 Bc6 42. Rf4 Rd2 43. Bb6 Rxd6 44. Bxf2 Rd3 45. a5 Rxh3 46. a6 Bd5 47.
Rd4 Bxb3 48. Kb2 1-0

[Event "2BLN 1819 SF Berlin II - SK Norderstedt"]
[Site "?"]
[Date "2018.12.15"]
[Round "3.7"]
[White "Michna, Christian"]
[Black "Chatzidakis, Mihail"]
[Result "0-1"]
[WhiteElo "2241"]
[BlackElo "2337"]
[PlyCount "74"]
[EventDate "2018.??.??"]

1. d4 f5 2. Nf3 Nf6 3. g3 e6 4. Bg2 Be7 5. O-O O-O 6. c4 d6 7. Nc3 a5 8. Qc2
Nc6 9. a3 e5 10. d5 Nb8 11. c5 Na6 12. cxd6 cxd6 13. Bd2 Bd7 14. Rfb1 Rc8 15.
b4 Ne4 16. b5 Nac5 17. Nxe4 fxe4 18. Ne1 Nd3 19. Qa4 Nxf2 20. Qxa5 Qe8 21. Be3
Ng4 22. Qd2 Qh5 23. h3 Nxe3 24. Qxe3 Bg5 25. Qxe4 Bf5 26. Qf3 Qh6 27. Rb4 Bxh3
28. Bxh3 Rxf3 29. Be6+ Kf8 30. Nxf3 Be3+ 31. Kg2 Rc2 32. Re1 Bc5 33. Rb3 e4 34.
Nh4 Ke8 35. Nf5 Qd2 36. Kf1 g6 37. Nh4 Qd4 0-1

[Event "2BLN 1819 SF Berlin II - SK Norderstedt"]
[Site "?"]
[Date "2018.12.15"]
[Round "3.8"]
[White "Rudolf, Henrik"]
[Black "Kopylov, Daniel"]
[Result "1-0"]
[WhiteElo "2287"]
[BlackElo "2239"]
[PlyCount "63"]
[EventDate "2018.??.??"]

1. e4 c5 2. Nf3 d6 3. d4 cxd4 4. Nxd4 Nf6 5. Nc3 Nc6 6. Bg5 e6 7. Qd2 Be7 8.
O-O-O Nxd4 9. Qxd4 O-O 10. h4 Qa5 11. Kb1 Bd7 12. Qd2 Qc7 13. e5 dxe5 14. Bxf6
Bxf6 15. Qxd7 Qb6 16. Qb5 Qxf2 17. Ne4 Qf4 18. Bd3 a6 19. Qxb7 Rab8 20. Nxf6+
gxf6 21. Qe4 Qxe4 22. Bxe4 f5 23. Bd3 Rb6 24. Bc4 Kg7 25. Rhf1 a5 26. a4 h5 27.
Rd7 Rc8 28. Bb5 Kf6 29. c4 e4 30. g3 Rc5 31. Rc1 e3 32. Rd3 1-0

[Event "2BLN 1819 SK König Tegel - SC Rotation "]
[Site "?"]
[Date "2018.12.15"]
[Round "3.1"]
[White "Guth, Thomas"]
[Black "Stern, Rene"]
[Result "0-1"]
[WhiteElo "2294"]
[BlackElo "2531"]
[PlyCount "70"]
[EventDate "2018.??.??"]

1. e4 e5 2. Nf3 Nc6 3. Bc4 Nf6 4. d4 exd4 5. O-O Nxe4 6. Re1 d5 7. Bxd5 Qxd5 8.
Nc3 Qd7 9. Rxe4+ Be7 10. Nb5 a6 11. Nbxd4 O-O 12. Qe2 Bf6 13. Nxc6 Qxc6 14. Ne5
Qc5 15. Bf4 Bf5 16. Qc4 Qb5 17. Qxb5 axb5 18. Ree1 b4 19. h3 c6 20. g4 Bxc2 21.
Rac1 Bg6 22. Nd7 Rfd8 23. Nxf6+ gxf6 24. Re7 Rxa2 25. Rxb7 Rxb2 26. Bh6 Bc2 27.
Re1 b3 28. Ree7 Ra2 29. Rxf7 b2 30. Rg7+ Kh8 31. Rgd7 Rg8 32. Be3 b1=Q+ 33.
Rxb1 Bxb1 34. Bd4 Rg6 35. f4 Rd2 0-1

[Event "2BLN 1819 SK König Tegel - SC Rotation "]
[Site "?"]
[Date "2018.12.15"]
[Round "3.2"]
[White "Rabiega, Robert"]
[Black "Dauth, Benjamin"]
[Result "1-0"]
[WhiteElo "2509"]
[BlackElo "2283"]
[PlyCount "93"]
[EventDate "2018.??.??"]

1. e4 e5 2. Nf3 Nc6 3. Bc4 Bc5 4. c3 Nf6 5. d3 d6 6. O-O h6 7. Re1 O-O 8. Nbd2
Ng4 9. Re2 Kh8 10. h3 Nf6 11. Nf1 Nh5 12. d4 exd4 13. cxd4 Bb6 14. Re1 Ba5 15.
Bd2 Bxd2 16. Qxd2 Qf6 17. e5 dxe5 18. dxe5 Qf4 19. Qc3 Be6 20. N1d2 Bxc4 21.
Re4 Qf5 22. Qxc4 Qh7 23. Rh4 g6 24. g4 Ng7 25. Ng5 hxg5 26. Rxh7+ Kxh7 27. Nf3
Ne6 28. Qc1 Rae8 29. Qe3 Re7 30. Re1 Rfe8 31. Nxg5+ Nxg5 32. Qxg5 Rxe5 33. Rxe5
Rxe5 34. Qf6 Kg8 35. h4 Re6 36. Qc3 Re4 37. f3 Rf4 38. Kg2 Kh7 39. Kg3 Nd4 40.
Qxc7 Rxf3+ 41. Kg2 Ne6 42. Qxb7 Rf4 43. Kg3 a5 44. b3 g5 45. hxg5 Kg6 46. Qd5
a4 47. Qxe6+ 1-0

[Event "2BLN 1819 SK König Tegel - SC Rotation "]
[Site "?"]
[Date "2018.12.15"]
[Round "3.3"]
[White "Rietze, Clemens"]
[Black "Moreno Tejera, Emilio"]
[Result "1/2-1/2"]
[WhiteElo "2275"]
[BlackElo "2434"]
[PlyCount "46"]
[EventDate "2018.??.??"]

1. d4 d6 2. e4 Nf6 3. f3 c5 4. d5 e5 5. Be3 Nbd7 6. c4 Nh5 7. Qd2 g6 8. Bd3 Nf4
9. Bc2 Qg5 10. Kf1 Qe7 11. Nc3 Nb6 12. b3 Bg7 13. g3 Nh5 14. Kg2 O-O 15. Nge2
f5 16. Bf2 Nd7 17. Rae1 Ndf6 18. h3 fxe4 19. Nxe4 Nxe4 20. Bxe4 Nf6 21. Nc3 Qf7
22. Bc2 Nh5 23. Bd1 Nf6 1/2-1/2

[Event "2BLN 1819 SK König Tegel - SC Rotation "]
[Site "?"]
[Date "2018.12.15"]
[Round "3.4"]
[White "Muse, Mladen"]
[Black "Mueller, Michael"]
[Result "1/2-1/2"]
[WhiteElo "2392"]
[BlackElo "2272"]
[PlyCount "56"]
[EventDate "2018.??.??"]

1. Nf3 d5 2. g3 Nf6 3. Bg2 c6 4. O-O Bf5 5. d3 h6 6. c4 e6 7. cxd5 exd5 8. Nc3
Be7 9. Nd4 Bh7 10. e4 Nbd7 11. Re1 O-O 12. e5 Ne8 13. Qg4 Nc5 14. Bxh6 Qc8 15.
Qxc8 Rxc8 16. Bh3 Ra8 17. Bc1 Nxd3 18. Re2 Bc5 19. Nb3 Bb6 20. Na4 Nc7 21. Nxb6
axb6 22. f4 Rfe8 23. Be3 c5 24. a3 Rad8 25. Nc1 f6 26. Nxd3 Bxd3 27. Ree1 d4
28. Bd2 f5 1/2-1/2

[Event "2BLN 1819 SK König Tegel - SC Rotation "]
[Site "?"]
[Date "2018.12.15"]
[Round "3.6"]
[White "Fruebing, Stefan"]
[Black "Bruchmann, Stephan"]
[Result "1-0"]
[WhiteElo "2403"]
[BlackElo "2254"]
[PlyCount "81"]
[EventDate "2018.??.??"]

1. e4 g6 2. d4 Bg7 3. Nc3 d5 4. exd5 Nf6 5. Bb5+ Nbd7 6. Nf3 O-O 7. O-O Nb6 8.
Re1 Nbxd5 9. Nxd5 Qxd5 10. Bf1 Re8 11. Ne5 Be6 12. Bc4 Qd6 13. Bxe6 fxe6 14. c3
Rf8 15. Qe2 Nd5 16. Nc4 Qa6 17. Qxe6+ Qxe6 18. Rxe6 Rf6 19. Re4 Rc6 20. Ne3 e6
21. Ng4 b5 22. a3 Rb8 23. Bh6 Bh8 24. Rae1 Rbb6 25. Ne3 Nf6 26. Rf4 Bg7 27. Bg5
Nh5 28. Rf3 Bf8 29. Ng4 Rd6 30. Ne5 Rb8 31. g4 Ng7 32. Nf7 Rd7 33. Nh6+ Kh8 34.
Bf6 Re8 35. Rfe3 Be7 36. g5 Bxf6 37. gxf6 Nf5 38. Rxe6 Rxe6 39. Rxe6 Nxh6 40.
Re8+ Ng8 41. Rf8 1-0

[Event "2BLN 1819 SK König Tegel - SC Rotation "]
[Site "?"]
[Date "2018.12.15"]
[Round "3.7"]
[White "Boetzer, Detlef"]
[Black "Berger, Steve"]
[Result "0-1"]
[WhiteElo "2215"]
[BlackElo "2431"]
[PlyCount "80"]
[EventDate "2018.??.??"]

1. e4 e6 2. d4 d5 3. exd5 exd5 4. Nf3 Nf6 5. Bd3 c5 6. O-O c4 7. Re1+ Be7 8.
Bf1 O-O 9. b3 cxb3 10. axb3 Nc6 11. Bd3 Bg4 12. c3 Qc7 13. Nbd2 Rae8 14. Qc2
Bd6 15. Rxe8 Rxe8 16. Ba3 Bxa3 17. Rxa3 a6 18. Ra1 Bh5 19. Re1 Rxe1+ 20. Nxe1
Bg6 21. Bxg6 hxg6 22. Nef3 Qe7 23. Qd3 Ne4 24. c4 Nxd2 25. Qxd2 Qe4 26. Qd1 f6
27. h3 Kf7 28. cxd5 Qxd5 29. Qc2 b5 30. Qc3 a5 31. Qd3 Ne5 32. Qc3 Nxf3+ 33.
gxf3 a4 34. bxa4 bxa4 35. Kg2 Qg5+ 36. Kh2 Qb5 37. Qc7+ Kg8 38. Qa7 Qb2 39. d5
a3 40. Qe3 Qe5+ 0-1

[Event "2BLN 1819 SK König Tegel - SC Rotation "]
[Site "?"]
[Date "2018.12.15"]
[Round "3.8"]
[White "Von Herman, Ulf"]
[Black "Lisek, Juergen"]
[Result "0-1"]
[WhiteElo "2345"]
[BlackElo "2243"]
[PlyCount "68"]
[EventDate "2018.??.??"]

1. d4 e6 2. c4 Bb4+ 3. Nd2 d5 4. Ngf3 Nf6 5. Qa4+ Nc6 6. a3 Be7 7. g3 O-O 8.
Bg2 Qe8 9. Qc2 b6 10. O-O Bb7 11. b4 Rc8 12. Bb2 a5 13. b5 Na7 14. Ne5 c6 15.
bxc6 Nxc6 16. Qb3 Qd8 17. Rfd1 Nxe5 18. dxe5 Nd7 19. Qe3 Nc5 20. Rab1 Qc7 21.
cxd5 Bxd5 22. Bxd5 exd5 23. Nf3 Rfd8 24. Nd4 Ne6 25. Qf3 Bc5 26. Nb5 Qd7 27. a4
Ng5 28. Qh5 Nh3+ 29. Kg2 Nxf2 30. Rf1 Qg4 31. Qxg4 Nxg4 32. Rf4 Ne3+ 33. Kf3
Nc4 34. Ba1 Nd2+ 0-1

[Event "2BLN 1819 SV Lingen - SK Zehlendorf"]
[Site "?"]
[Date "2018.12.15"]
[Round "3.1"]
[White "Lagunow, Raphael"]
[Black "Perunovic, Milos"]
[Result "1/2-1/2"]
[WhiteElo "2409"]
[BlackElo "2597"]
[PlyCount "46"]
[EventDate "2018.??.??"]

1. e4 c5 2. c3 Nf6 3. e5 Nd5 4. Nf3 Nc6 5. d4 cxd4 6. Bc4 Nb6 7. Bb3 d5 8. exd6
Qxd6 9. O-O Be6 10. Bxe6 Qxe6 11. Nxd4 Nxd4 12. Qxd4 Rd8 13. Qf4 g6 14. Nd2 Bg7
15. Nf3 O-O 16. Re1 Qc6 17. Qh4 Bf6 18. Bg5 Rd5 19. c4 Qxc4 20. Bxf6 exf6 21.
Qxf6 Qb5 22. b3 Nd7 23. Qe7 Nc5 1/2-1/2

[Event "2BLN 1819 SV Lingen - SK Zehlendorf"]
[Site "?"]
[Date "2018.12.15"]
[Round "3.2"]
[White "Gajek, Radoslaw"]
[Black "Sawlin, Leonid"]
[Result "1-0"]
[WhiteElo "2475"]
[BlackElo "2374"]
[PlyCount "81"]
[EventDate "2018.??.??"]

1. c4 e6 2. Nf3 d5 3. d4 c6 4. Qc2 Nf6 5. g3 Be7 6. Bg2 O-O 7. O-O b6 8. Nbd2
Na6 9. e4 Bb7 10. a3 Rc8 11. e5 Nd7 12. cxd5 cxd5 13. Qd1 Nab8 14. Re1 a5 15.
Nf1 Ba6 16. h4 Bb5 17. h5 a4 18. h6 g6 19. Ne3 Nc6 20. Bd2 Na5 21. Bxa5 bxa5
22. Qd2 Qb6 23. Rac1 Rb8 24. Rc2 Qa6 25. Bf1 Bxf1 26. Rxf1 Rb3 27. Rfc1 Rfb8
28. Kg2 f5 29. exf6 Nxf6 30. Rc6 R3b6 31. Ne5 Rf8 32. Rc7 Rb7 33. R1c6 Qb5 34.
Rxb7 Qxb7 35. Qc2 Bd8 36. Rxe6 Ne4 37. f3 Bg5 38. N3g4 Rc8 39. Qe2 Nd2 40. Nxg6
Qf7 41. Ne7+ 1-0

[Event "2BLN 1819 SV Lingen - SK Zehlendorf"]
[Site "?"]
[Date "2018.12.15"]
[Round "3.3"]
[White "Malek, Daniel"]
[Black "Ivanisevic, Ivan"]
[Result "0-1"]
[WhiteElo "2392"]
[BlackElo "2603"]
[PlyCount "48"]
[EventDate "2018.??.??"]

1. c4 e5 2. g3 Nf6 3. Bg2 c6 4. Nf3 e4 5. Nd4 Qb6 6. Nb3 a5 7. d3 a4 8. N3d2
Bc5 9. e3 exd3 10. O-O O-O 11. Nc3 Qa6 12. Re1 d6 13. Nce4 Nbd7 14. Nxc5 Nxc5
15. Rb1 Bg4 16. f3 Be6 17. b3 axb3 18. axb3 b5 19. cxb5 Qxb5 20. Bb2 Ra2 21.
Bxf6 gxf6 22. Bf1 Qb4 23. Ne4 Nxe4 24. fxe4 d2 0-1

[Event "2BLN 1819 SV Lingen - SK Zehlendorf"]
[Site "?"]
[Date "2018.12.15"]
[Round "3.4"]
[White "Epishin, Vladimir"]
[Black "Meister, Jakob"]
[Result "1-0"]
[WhiteElo "2558"]
[BlackElo "2416"]
[PlyCount "75"]
[EventDate "2018.??.??"]

1. Nc3 e5 2. e4 Nf6 3. Bc4 Bc5 4. d3 c6 5. Qe2 b5 6. Bb3 a5 7. a3 d6 8. f4 Bg4
9. Nf3 Nbd7 10. fxe5 dxe5 11. Be3 Qb6 12. Nd1 O-O 13. O-O Rae8 14. Kh1 a4 15.
Ba2 Be6 16. Bd2 Bxa2 17. Rxa2 Nh5 18. Nh4 g6 19. Bh6 Ng7 20. g4 f6 21. Ne3 Bxe3
22. Bxe3 Qd8 23. Qf2 Qe7 24. Raa1 Rf7 25. Rg1 Nf8 26. Nf5 Nxf5 27. gxf5 g5 28.
h4 h6 29. Kg2 Rh7 30. Rh1 Qd7 31. hxg5 hxg5 32. Bc5 Qg7 33. Rxh7 Nxh7 34. Rh1
Rd8 35. Qf3 Rd7 36. Qh5 Qf7 37. Qg6+ Kh8 38. Rxh7+ 1-0

[Event "2BLN 1819 SV Lingen - SK Zehlendorf"]
[Site "?"]
[Date "2018.12.15"]
[Round "3.5"]
[White "Figura, Atila Gajo"]
[Black "Milanovic, Danilo"]
[Result "1-0"]
[WhiteElo "2377"]
[BlackElo "2494"]
[PlyCount "77"]
[EventDate "2018.??.??"]

1. e4 d5 2. exd5 Qxd5 3. Nc3 Qd8 4. d4 Nf6 5. Bc4 g6 6. Nf3 Bg7 7. Ne5 O-O 8.
O-O Nbd7 9. Bg5 Nb6 10. Bb3 a5 11. a3 c6 12. Re1 Nfd5 13. Bh4 Be6 14. Ne4 Nc7
15. c3 Bxb3 16. Qxb3 Ncd5 17. Nc5 Ra7 18. c4 Nf6 19. Rad1 Qc7 20. h3 Nc8 21.
Qf3 Nb6 22. Bg3 Qd8 23. Qe2 Qc8 24. Qc2 Re8 25. Re3 Nbd7 26. Ncxd7 Nxd7 27. Qe2
Nxe5 28. Bxe5 Bh6 29. Red3 Qe6 30. d5 cxd5 31. cxd5 Qa6 32. Qf3 Qb5 33. Bc3 Ra6
34. d6 Bg7 35. dxe7 Bxc3 36. Rd8 Kg7 37. Qxc3+ f6 38. R1d5 Qa4 39. Rd4 1-0

[Event "2BLN 1819 SV Lingen - SK Zehlendorf"]
[Site "?"]
[Date "2018.12.15"]
[Round "3.6"]
[White "Levin, Felix"]
[Black "Rahls, Peter"]
[Result "1-0"]
[WhiteElo "2482"]
[BlackElo "2212"]
[PlyCount "73"]
[EventDate "2018.??.??"]

1. d4 d5 2. c4 c6 3. Nf3 Nf6 4. Qc2 a6 5. Bf4 e6 6. Nbd2 Nbd7 7. e3 dxc4 8.
Nxc4 Nb6 9. Nce5 Nbd5 10. Be2 Nxf4 11. exf4 Nd5 12. g3 Bb4+ 13. Kf1 f6 14. Nd3
O-O 15. Kg2 Bd6 16. Rhe1 Qe8 17. Nc5 b6 18. Ne4 Be7 19. Nc3 Bb4 20. a3 Bxc3 21.
bxc3 Bd7 22. c4 Ne7 23. Rab1 b5 24. Nd2 Nf5 25. Qc3 c5 26. dxc5 Rd8 27. cxb5
axb5 28. Bf3 Bc6 29. Nb3 e5 30. Bxc6 Qxc6+ 31. Qf3 Qxf3+ 32. Kxf3 Nd4+ 33. Nxd4
Rxd4 34. Rxb5 exf4 35. Re7 Rf7 36. Rb8+ Rf8 37. Rbb7 1-0

[Event "2BLN 1819 SV Lingen - SK Zehlendorf"]
[Site "?"]
[Date "2018.12.15"]
[Round "3.7"]
[White "Behrmann, Joachim"]
[Black "Kollen, Zyon"]
[Result "1/2-1/2"]
[WhiteElo "2134"]
[BlackElo "2363"]
[PlyCount "77"]
[EventDate "2018.??.??"]

1. d4 e6 2. c4 Nf6 3. Nc3 Bb4 4. f3 Nc6 5. e3 e5 6. d5 Bxc3+ 7. bxc3 Ne7 8. e4
d6 9. Bd3 b6 10. Ne2 O-O 11. O-O Nd7 12. g4 Nc5 13. Ng3 Ng6 14. Be3 Qe8 15. Bc2
Bd7 16. Nf5 Bxf5 17. exf5 Nf4 18. Bxf4 exf4 19. Qd2 Qe5 20. h4 Rae8 21. Rae1
Qf6 22. g5 Qd8 23. Qxf4 f6 24. Kf2 Re5 25. gxf6 Qxf6 26. Rxe5 dxe5 27. Qg5 Nb7
28. Rg1 Nd6 29. Bd3 Rf7 30. Qxf6 Rxf6 31. Re1 Nxf5 32. Rxe5 Nxh4 33. Re8+ Kf7
34. Rc8 Nxf3 35. Rxc7+ Kf8 36. Rc8+ Ke7 37. Rc7+ Kf8 38. Rc8+ Ke7 39. Rc7+
1/2-1/2

[Event "2BLN 1819 SV Lingen - SK Zehlendorf"]
[Site "?"]
[Date "2018.12.15"]
[Round "3.8"]
[White "Gutman, Lev"]
[Black "Floeel, Helmut"]
[Result "0-1"]
[WhiteElo "2422"]
[BlackElo "2088"]
[PlyCount "72"]
[EventDate "2018.??.??"]

1. Nf3 d5 2. g3 c6 3. Bg2 Bg4 4. O-O Nd7 5. d4 e6 6. c4 Bd6 7. Qb3 Qc8 8. cxd5
exd5 9. e4 Bxf3 10. Bxf3 dxe4 11. Bxe4 Ngf6 12. Bf5 O-O 13. Nd2 a5 14. a4 Qb8
15. Nc4 Bb4 16. Bf4 Qa7 17. Rad1 Nb6 18. Ne3 Nbd5 19. Be5 Rad8 20. Bb1 Rfe8 21.
Ba2 Rd7 22. Nf5 Bf8 23. Qf3 Re6 24. Rfe1 Qb6 25. Re2 Qb4 26. Rd3 Qxa4 27. Bb3
Qb5 28. Bxf6 Rxe2 29. Bxg7 Re1+ 30. Kg2 Bxg7 31. Qg4 f6 32. Nh6+ Kf8 33. Qxd7
Bxh6 34. Qxh7 Bg7 35. h4 a4 36. Bd1 Nb4 0-1

[Event "2BLN 1819 Lübecker SV - SF Berlin II"]
[Site "?"]
[Date "2018.12.16"]
[Round "4.1"]
[White "Lauber, Arnd"]
[Black "Kalinitschew, Sergey"]
[Result "1-0"]
[WhiteElo "2434"]
[BlackElo "2439"]
[PlyCount "91"]
[EventDate "2018.??.??"]

1. d4 Nf6 2. c4 c6 3. Nc3 d5 4. e3 e6 5. Nf3 Nbd7 6. Bd3 dxc4 7. Bxc4 b5 8. Be2
Bb7 9. e4 b4 10. e5 bxc3 11. exf6 cxb2 12. fxg7 Bxg7 13. Bxb2 Qa5+ 14. Nd2 Bh6
15. Qc2 Bxd2+ 16. Qxd2 Qxd2+ 17. Kxd2 Rg8 18. g3 O-O-O 19. Rhc1 Nb6 20. Ke1 Na4
21. Rab1 Nxb2 22. Rxb2 Rge8 23. Ba6 Re7 24. Rxb7 Rxb7 25. Rb1 Rdd7 26. Ke2 Kb8
27. Bxb7 Rxb7 28. Rxb7+ Kxb7 29. Kd3 Kc7 30. g4 Kd6 31. Ke4 f5+ 32. gxf5 exf5+
33. Kxf5 Kd5 34. f4 Kxd4 35. Ke6 c5 36. f5 c4 37. f6 c3 38. f7 c2 39. f8=Q c1=Q
40. Qg7+ Ke4 41. Qxh7+ Kf3 42. Qb7+ Kg4 43. Qg7+ Kf3 44. Qg3+ Ke4 45. Qg4+ Kd3
46. Qf3+ 1-0